Jubileum Ing. Ľudovíta Koreňa

Bibliographic Details
Main Author: Kopernická, Eva (Author)
Format: Article
Language:Slovak
PhysicalDescription:Obr. 1.
Subjects:

MARC

LEADER 00000nab a2200000 a 4500
001 vtls000386676
003 SK-MaSNL
005 20260303134556.0
008 230217c1989 xo 0 slo
015 |a SNBRB19rr/mm-uuuuu 
035 |a CL0386799 
035 |a urn:nbn:sk:snk-ab2lfz 
035 |a (urnnbn)urn:nbn:sk:snk:ar-a02low 
035 |a (uuid)d9794f3c-b49b-4f3b-b1d1-35ff73d2a29c 
040 |a SNKBUCL  |b slo  |c SNKBUCL  |e AACR2 
041 0 |a slo 
044 |a xo  |c SK 
080 |a 621.315.2:006-051  |2 1981 
080 |a 006-051  |2 1981 
080 |a 006  |2 1981 
080 |a 929 Koreň, Ľudovít  |2 1981 
100 1 |a Kopernická, Eva  |4 aut  |9 963682 
245 1 0 |a Jubileum Ing. Ľudovíta Koreňa  |c Eva Kopernická ; Ľudovít Koreň 
300 |b Obr. 1. 
600 1 7 |a Koreň, Ľudovít  |d 1929-  |x profily  |2 snkbucl  |9 1155065 
650 0 7 |a Koreň, Ľudovít  |2 snkbucl  |9 1155066 
655 7 |a články z novín a časopisov  |2 snkbucl  |9 267496 
773 0 |t Elektroizolačná a káblová technika - Ekt  |g Roč. 42, č. 3 (1989), s. 146-147 
850 |a Slovenská národná knižnica v Martine  |a MTA001 
852 |a SNK  |b KIS3GCP 
954 |a odborná, vedecká literatúra pôvodná (slovenská)  |2 lita 
958 |a BX 
958 |a RK 
958 |a OND 
958 |a EUIPO 
958 |a article27 
992 |a RBX 
999 |c 1961049  |d 1962979